MEDICAL insurance a revenue cycle process approach
Guardat en:
| Autor principal: | |
|---|---|
| Format: | Llibre |
| Idioma: | anglès |
| Publicat: |
McGraw Hill Education
2020
|
| Etiquetes: |
Afegir etiqueta
Sense etiquetes, Sigues el primer a etiquetar aquest registre!
|
MARC
| LEADER | 00000nam a22000007a 4500 | ||
|---|---|---|---|
| 008 | 230815b |||||||| |||| 00| 0 eng d | ||
| 020 | |a 9781260566208 | ||
| 100 | |a Valerius, Joanne D. | ||
| 245 | |a MEDICAL insurance |b a revenue cycle process approach |c Joanne D. Valerius ... (et al) |g xi, 545p; ill | ||
| 260 | |b McGraw Hill Education |c 2020 |h New York |i 700536 |i 700537 |i 700538 |l HG9383.M46 |m Health insurance |m Health insurance claims- United States | ||
| 500 | |a it includes index | ||
| 942 | |a lcc |c BK |e Johnson |f 15/08/23 | ||
| 952 | |0 0 |1 0 |2 lcc |4 0 |6 HG9383 M46 |7 0 |9 4375 |a SSL |b HOL |c GJ |d 2023-08-15 |l 0 |o HG9383.M46 |p 2023-0300 |r 2023-08-15 00:00:00 |t 700536 |w 2023-08-15 |y BK | ||
| 952 | |0 0 |1 0 |2 lcc |4 0 |6 HG9383 M46 |7 0 |9 4376 |a MPL |b HOL |c GJ |d 2023-08-15 |l 0 |o HG9383.M46 |p 2023-0301 |r 2023-08-15 00:00:00 |t 700537 |w 2023-08-15 |y BK | ||
| 952 | |0 0 |1 0 |2 lcc |4 0 |6 HG9383 M46 |7 0 |9 4377 |a HOL |b HOL |c GJ |d 2023-08-15 |l 0 |o HG9383.M46 |p 2023-0302 |r 2023-08-15 00:00:00 |t 700538 |w 2023-08-15 |y BK | ||
| 999 | |c 2196 |d 2196 | ||